00591 2200229 4500001002100000005001500021035002500036008004100061041000800102082000800110090000800118100001800126245006500144250001600209300004600225650001000271020000600281084001400287260004500301520000600346990000900352INLIS00000000000235920250929023206 a0010-051300000002359250929 e 1 ind  aind a813 aFik aBastian, Tito1 aTiga Makam Setan (Serial Wiro Sableng) :b- /cBastian, Tito aCetakan : 1 a128 hlm. ;17,5 cm. :b- ;c11.5x 17 cme- 4aFiksi a- a813 BAS t aJakarta :bBastian Tito,ctidah diketahu a- a2362